000 00554nam a2200193Ia 4500
003 GCL
008 140319s9999 xx 000 0 ara d
040 _aGCL /
_cGCL
082 0 4 _a928.1
_bع ا
100 1 _aعباس بيومى عجلان
245 1 0 _aالمنفلوطى والنظريات /
_cعباس بيومى عجلان
260 _a[S.N] :
_bمؤسسة شباب الجامعة ،
_c1987
300 _a287 ص
490 _a
650 0 4 _aالادباء
650 0 4 _aسيرة ذاتية
650 0 4 _aالمنفلوطى
942 _2ddc
_cBK
999 _c38102
_d38102